000
00223nam a22000857a 4500
008
170123b xxu||||| |||| 00| 0 eng d
100
_9
2530
_a
Srivastava.M.etal.
245
_a
Tatoo and the Firewoks
260
_a
New Delhi
_b
CBT
_c
2011
999
_c
5619
_d
5619